HUMAN ANATOMY::REGIONAL AND APPLIED DISSECTION AND CLINICAL BRAIN-NEUROANATOMY [ VOL-4] (Record no. 8619)

MARC details
000 -LEADER
fixed length control field 00537nam a22001817a 4500
005 - DATE AND TIME OF LATEST TRANSACTION
control field 20251204150328.0
008 - FIXED-LENGTH DATA ELEMENTS--GENERAL INFORMATION
fixed length control field 240902b |||||||| |||| 00| 0 eng d
020 ## - INTERNATIONAL STANDARD BOOK NUMBER
ISBN 978-93-5466-477-9
041 ## - LANGUAGE CODE
Language code of text/sound track or separate title eng
082 ## - DEWEY DECIMAL CLASSIFICATION NUMBER
Classification number 611 CHA-H
100 ## - MAIN ENTRY--AUTHOR NAME
Personal name CHAURASIA B.D.
245 ## - TITLE STATEMENT
Title HUMAN ANATOMY::REGIONAL AND APPLIED DISSECTION AND CLINICAL BRAIN-NEUROANATOMY [ VOL-4]
250 ## - EDITION STATEMENT
Edition statement 9TH ED. 2023
260 ## - PUBLICATION, DISTRIBUTION, ETC. (IMPRINT)
Place of publication NEW DELHI
Name of publisher C.B.S PUBLISHERS & DISTRIBUTORS PVT.LTD
300 ## - PHYSICAL DESCRIPTION
Number of Pages 226;P
650 ## - SUBJECT ADDED ENTRY--TOPICAL TERM
Topical Term PARAMEDICAL
General subdivision BMLT/BMIRT
942 ## - ADDED ENTRY ELEMENTS (KOHA)
Koha item type Books
Holdings
Lost status Damaged status Collection code Home library Current library Date acquired Source of acquisition Cost, normal purchase price Full call number Accession Number Koha item type Shelving location Serial Enumeration / chronology
    Bachelor of Medical Laboratory Technology JRU Library JRU Library 30/08/2024 PURCHASE 1195.00 611 28375 Books    
    Bachelor of Medical Laboratory Technology JRU Library JRU Library 30/08/2024 PURCHASE 1195.00 611 28376 Books SHELF-105-A  
    Bachelor of Medical Laboratory Technology JRU Library JRU Library 01/12/2025 PURCHASE 3240.00 611 CHA 29187 Books SHELF-105-A LBI-000811/28-11-2025
    Bachelor of Medical Laboratory Technology JRU Library JRU Library 01/12/2025 PURCHASE 3240.00 611 CHA 29188 Books SHELF-105-A LBI-000811/28-11-2025
    Bachelor of Medical Laboratory Technology JRU Library JRU Library 01/12/2025 PURCHASE 3240.00 611 CHA 29189 Books SHELF-105-A LBI-000811/28-11-2025
    Bachelor of Medical Laboratory Technology JRU Library JRU Library 01/12/2025 PURCHASE 3240.00 611 CHA 29190 Books SHELF-105-A LBI-000811/28-11-2025
    Bachelor of Medical Laboratory Technology JRU Library JRU Library 01/12/2025 PURCHASE 3240.00 611 CHA 29191 Books SHELF-105-A LBI-000811/28-11-2025